000
00321nam a2200121Ia 4500
008
220216s9999 xx 000 0 und d
100
_a
Dawson T R
245
0
_a
Comparison of acetylene black with gas black and lampblack
260
_b
IRI Transactions
_c
1929
300
_a
48-70
700
_a
Hartshorne N H
942
_c
JS
999
_c
55986
_d
55986